| 000 | 00691cam a22002293a 4500 | ||
|---|---|---|---|
| 001 | 20064 | ||
| 003 | PGUSA | ||
| 005 | 20140828083426.0 | ||
| 008 | 061209s2006||||xxu|||||s|||||000 | eng d | ||
| 040 |
_aPGUSA _beng |
||
| 042 | _adc | ||
| 050 | 4 | _aT | |
| 100 | 1 |
_aParton, James, _d1822-1891 |
|
| 245 | 1 | 0 |
_aCaptains of Industry; or, Men of Business Who Did Something Besides Making Money _h[electronic resource] / _cJames Parton |
| 260 |
_bProject Gutenberg, _c2006 |
||
| 506 | _aPublic domain in the USA. | ||
| 516 | _aElectronic text | ||
| 653 | _aIndustrial arts -- Biography | ||
| 830 | 0 |
_aProject Gutenberg _v20064 |
|
| 856 | 4 | 0 | _uhttp://www.gutenberg.org/ebooks/20064 |
| 942 | _cEB | ||
| 999 |
_c249319 _d249319 |
||